[Event "IECG Q3.2000.0.00085"]
[Site "IECG email"]
[Date "2000.08.28"]
[Round "?"]
[White "Aydin, Murat Yasar"]
[Black "Medina, Pedro"]
[Result "1-0"]
[WhiteElo "800"]
[BlackElo "1250"]
[PlyCount "59"]
[EventDate "2000.08.28"]
[EventType "tourn (corr)"]
[EventRounds "6"]
[SourceTitle "Corr 2008"]
[Source "ChessBase"]
[SourceDate "2008.06.24"]
[SourceVersion "1"]
[SourceVersionDate "2008.06.24"]
[SourceQuality "1"]

1. e4 c5 2. Nf3 d6 3. Nc3 a6 4. Bc4 Nf6 5. d3 Nc6 6. 0-0 e6 7. a3 d5 8. exd5 exd5 9. Re1+ Be7 10. Bb3 h6 11. Bf4 0-0 12. Qd2 b5 13. h3 c4 14. Ba2 Be6 15. Ne2 Bc5 16. Ng3 g5 17. Nxg5 hxg5 18. Bxg5 Re8 19. d4 Be7 20. c3 Nh7 21. Be3 Bg5 22. Bb1 f6 23. Bg6 Bf7 24. Qc2 Nf8 25. Bxf7+ Kxf7 26. Bxg5 fxg5 27. Qf5+ Qf6 28. Qxd5+ Re6 29. Ne4 Qd8 30. Qxd8 1-0

[Event "IECG Q3.2000.0.00085"]
[Site "IECG email"]
[Date "2000.08.28"]
[Round "?"]
[White "Jarrod, Henry"]
[Black "Aydin, Murat Yasar"]
[Result "0-1"]
[WhiteElo "1000"]
[BlackElo "800"]
[PlyCount "22"]
[EventDate "2000.08.28"]
[EventType "tourn (corr)"]
[EventRounds "6"]
[SourceTitle "Corr 2008"]
[Source "ChessBase"]
[SourceDate "2008.06.24"]
[SourceVersion "1"]
[SourceVersionDate "2008.06.24"]
[SourceQuality "1"]

1. e4 e5 2. Nf3 Nc6 3. Bb5 a6 4. Ba4 Nf6 5. Nc3 Bc5 6. 0-0 b5 7. Bb3 0-0 8. a4 b4 9. Nd5 Nxe4 10. d3 Nxf2 11. Qe1 Nxd3+ 0-1

[Event "IECG Q3.2000.0.00085"]
[Site "IECG email"]
[Date "2000.08.28"]
[Round "?"]
[White "Medina, Pedro"]
[Black "Aydin, Murat Yasar"]
[Result "0-1"]
[WhiteElo "1250"]
[BlackElo "800"]
[PlyCount "66"]
[EventDate "2000.08.28"]
[EventType "tourn (corr)"]
[EventRounds "6"]
[SourceTitle "Corr 2008"]
[Source "ChessBase"]
[SourceDate "2008.06.24"]
[SourceVersion "1"]
[SourceVersionDate "2008.06.24"]
[SourceQuality "1"]

1. e4 e5 2. Nf3 Nc6 3. Bb5 a6 4. Ba4 Nf6 5. 0-0 Bc5 6. c3 0-0 7. d4 exd4 8. cxd4 Ba7 9. Nc3 d6 10. Bxc6 bxc6 11. h3 h6 12. Bf4 c5 13. d5 Qe8 14. Nd2 Nd7 15. Qg4 Ne5 16. Qg3 Ng6 17. Be3 f5 18. f4 fxe4 19. Ndxe4 Bf5 20. Nd2 Bd3 21. Rf3 Ne7 22. Bf2 Nf5 23. Qg4 Be2 24. Nxe2 Qxe2 25. Be1 c4+ 26. Kh1 Be3 27. Nf1 Qxb2 28. Nxe3 Nxe3 29. Rxe3 Qxa1 30. Kh2 Qd4 31. Rg3 Rf7 32. Bc3 Qxd5 33. Bxg7 Qf5 0-1

[Event "IECG CN.1999.0.00158"]
[Site "IECG email"]
[Date "1999.11.02"]
[Round "?"]
[White "Aydin, Murat Yasar"]
[Black "Cayer, Jean"]
[Result "1-0"]
[WhiteElo "800"]
[BlackElo "894"]
[PlyCount "37"]
[EventDate "1999.11.02"]
[EventType "tourn (corr)"]
[EventRounds "6"]
[SourceTitle "Corr 2008"]
[Source "ChessBase"]
[SourceDate "2008.06.24"]
[SourceVersion "1"]
[SourceVersionDate "2008.06.24"]
[SourceQuality "1"]

1. e4 c5 2. Nf3 d6 3. Nc3 Nc6 4. Bc4 Nf6 5. d3 g6 6. h3 Bg7 7. Be3 0-0 8. Qd2 Nh5 9. g4 Qb6 10. Na4 Qa5 11. Qxa5 Nxa5 12. gxh5 gxh5 13. 0-0-0 Bd7 14. Rdg1 Bxa4 15. Bh6 Rfd8 16. Rxg7+ Kf8 17. Rxf7+ Ke8 18. Be6 Rdb8 19. Rf8# 1-0